000
00292nam a2200121 a 4500
008
101022s1989|||| d
100
1
_a
Kasvinov, M.K.
245
1
0
_a
Život a pád Mikuláša Krvavého
260
_b
Obzor
_a
Bratislava
_c
1989
020
_c
39
041
_a
slo
044
_a
xo
_c
SK
999
_c
12038
_d
12038